000 00706nam a2200241Ia 4500
003 OSt
005 20220926000851.0
006 a|||||r|||| 00| 0
007 ta
008 220923b |||||||| |||| 00| 0 eng d
037 _cGeneral Book
040 _aRTL
_cRTL
_beng
041 _2eng
_aeng
082 _aT4:3(AOgY)aN7, L8
100 _aMehta H C Ed.
_9303122
245 0 _aScience and society in the Universities
260 _a New Delhi
_bJain Brothers India
_c1978
300 _axvi,296p.
_ccm.
500 _aBib p. 195-296; Appendix p. 179-194
650 _aUniversity Education
942 _hT4:3(AOgY)aN7, L8
_cGB
_2CC
999 _c599929
_d599929